| 000 | 00676cam a2200217 i 4500 | ||
|---|---|---|---|
| 001 | 3215329 | ||
| 005 | 20240322025630.0 | ||
| 008 | 780822r19771931enk b 000 0deng | ||
| 020 |
_a0860680258 _a0860680266 |
||
| 040 |
_aDLC _cDLC _dDLC |
||
| 082 | 0 | 0 |
_a324.6 _222 _bTHE. |
| 100 | 1 | _aPankhurst, E. Sylvia | |
| 245 | 1 | 4 |
_aThe suffragette movement : _ban intimate account of persons and ideals / _cby E. Sylvia Pankhurst. |
| 250 | _a1st. | ||
| 260 |
_aLondon : _bVirago, _c1977. |
||
| 300 | _a631 p., | ||
| 490 | 0 | _aVirago reprint library ; no. 3 | |
| 500 | _aReprint of the 1931 ed. published by Longmans, Green & Co., London and New York. | ||
| 650 | 0 | _aWomen | |
| 942 | _cL | ||
| 999 |
_c598 _d598 |
||